[Event "Manavgat Turkey Cup"]
[Site "Manavgat"]
[Date "2016.02.04"]
[Round "9"]
[White "Mermer, Yunus"]
[Black "Direkci, Gokhan"]
[Result "0-1"]
[WhiteElo "1494"]
[BlackElo "1665"]
[PlyCount "93"]
[EventDate "2016.01.30"]
[EventType "swiss"]
[EventRounds "11"]
[EventCountry "TUR"]
[SourceTitle "CBM 170 Extra"]
[Source "ChessBase"]
[SourceDate "2016.02.25"]
[SourceVersion "1"]
[SourceVersionDate "2016.02.25"]
[SourceQuality "1"]

1. d4 e5 2. dxe5 Nc6 3. Nf3 Qe7 4. Bf4 Qb4+ 5. Bd2 Qxb2 6. Nc3 Nb4 7. Nd4 c6 8. a3 Nd5 9. Nxd5 cxd5 10. c3 a6 11. e3 d6 12. exd6 Bxd6 13. Be2 Nf6 14. Bf3 0-0 15. 0-0 Ne4 16. Bxe4 dxe4 17. Qe2 Qb6 18. Rfb1 Qc5 19. c4 Qe5 20. f4 exf3 21. Nxf3 Bg4 22. Nxe5 Bxe2 23. Nd7 Rfd8 24. Rxb7 Bxc4 25. Nb6 Be5 26. Nxa8 Bxa1 27. Nb6 Bb5 28. Rc7 g6 29. Rc8 Rxc8 30. Nxc8 f5 31. Ne7+ Kf7 32. Nd5 Bb2 33. Bb4 Ke6 34. Nc7+ Ke5 35. Nxb5 axb5 36. Kf2 Kd5 37. Kf3 Kc4 38. g4 Kb3 39. gxf5 gxf5 40. Kf4 Bxa3 41. Ba5 Bb4 42. Bb6 Kc4 43. Bd4 Bc3 44. Ke5 b4 45. Bxc3 bxc3 46. Kxf5 c2 47. e4 0-1

[Event "Manavgat Turkey Cup"]
[Site "Manavgat"]
[Date "2016.02.01"]
[Round "4"]
[White "Direkci, Gokhan"]
[Black "Demir, Halil Ibrahim"]
[Result "0-1"]
[WhiteElo "1665"]
[BlackElo "1557"]
[PlyCount "62"]
[EventDate "2016.01.30"]
[EventType "swiss"]
[EventRounds "11"]
[EventCountry "TUR"]
[SourceTitle "CBM 170 Extra"]
[Source "ChessBase"]
[SourceDate "2016.02.25"]
[SourceVersion "1"]
[SourceVersionDate "2016.02.25"]
[SourceQuality "1"]

1. e4 g6 2. d4 Bg7 3. Bc4 e6 4. Be3 d5 5. exd5 exd5 6. Bb3 Nf6 7. Nd2 0-0 8. Ne2 Ng4 9. Bf4 Nc6 10. h3 Nf6 11. Nf1 Re8 12. Ne3 Nh5 13. Bh2 Qh4 14. g3 Qxh3 15. Bxd5 Qd7 16. c4 Qe7 17. a3 Bh6 18. Nf4 Nxf4 19. gxf4 Bg7 20. Bxc6 bxc6 21. Qd2 Qe4 22. 0-0-0 c5 23. Nd5 Bf5 24. Nc3 Qxd4 25. Qxd4 cxd4 26. Nb5 Re2 27. Rd2 d3 28. Rhd1 a6 29. Nxc7 Rc8 30. Nd5 Rxc4+ 31. Kb1 Rc2 0-1